| 000 | 01582cam a2200325 i 4500 | ||
|---|---|---|---|
| 001 | 200463002 | ||
| 003 | TR-AnTOB | ||
| 005 | 20241115144959.0 | ||
| 007 | ta | ||
| 008 | 201218s2019 tu 000 0 tur d | ||
| 020 | _a9786056784774 | ||
| 040 |
_aSULEY _beng _erda _cSULEY _dTR-AnTOB |
||
| 041 | 0 | _atur | |
| 050 | 1 | 4 |
_aPL248.K6332 _bC46 2019 |
| 090 |
_aPL248.K6332 _bC46 2019 |
||
| 100 | 1 |
_aKoca, Mücahit, _d1949- _eauthor _9203009 |
|
| 245 | 1 | 0 |
_aCennet ilham eden şairler / _cMücahit Koca. |
| 250 | _aBirinci Baskı. | ||
| 264 | 1 |
_aYıldırım, Bursa : _bSur Yayınları, _c2019. |
|
| 300 |
_a100 pages ; _c21 cm |
||
| 336 |
_atext _btxt _2rdacontent |
||
| 337 |
_aunmediated _bn _2rdamedia |
||
| 338 |
_avolume _bnc _2rdacarrier |
||
| 490 | 0 |
_aSur Yayınları ; _v32 |
|
| 505 | 0 | _aPeygamber şaiiri : Abdullah b. Revaha -- Emevi dönemi şairi : Cerir b. Atiyye -- Yanmış deha : Ebü'l Ala el-Maarri -- İmam-ı Busiri -- İran şairi : Şebüsteri -- Klasik Çağatay edebiyatı şairi : Ali Şir Nevai -- Divan şairi : Şeyhi -- İstiklal şairi : Mehmet Akif Ersoy -- Medeniyet şairi Yahya Kemal Beyatlı -- İki üstat bir usta : Nuri Pakdil -- Şiir dağı : Cahit Zarifoğlu -- Talihsizlikler mahşeri : Alaaddin Özdenören -- Kanatları şiir olan güzel adam : Erdem Bayazıt -- Güzel adam güzel şair : İbrahim Ünal Taşkın -- Ağabey olarak : Şair Mehmet Akif Ersoy. | |
| 650 | 7 |
_aŞairler, Türk _vBiyografi _2etuturkob _960734 |
|
| 830 | 0 |
_aSur Yayınları ; _v32 _9203010 |
|
| 942 |
_2lcc _cBK |
||
| 999 |
_c200463002 _d81214 |
||